Loading...
Fine Arts - Classical Music | 7 | 24.29 | 100% | 86% | 57% |
Fine Arts - Other Fine Arts | 4 | 15.00 | 100% | 50% | 0% |
Fine Arts - Visual Fine Arts | 5 | 16.00 | 100% | 60% | 0% |
History - American History | 6 | 20.00 | 100% | 83% | 17% |
History - European History | 4 | 15.00 | 100% | 50% | 0% |
History - Other History | 7 | 17.14 | 86% | 57% | 29% |
History - World History | 7 | 17.14 | 86% | 71% | 14% |
Literature - American Literature | 3 | 10.00 | 100% | 0% | 0% |
Literature - British Literature | 7 | 11.43 | 100% | 14% | 0% |
Literature - European Literature | 8 | 15.00 | 100% | 38% | 13% |
Literature - World/Other Literature | 6 | 13.33 | 100% | 33% | 0% |
Mythology | 7 | 18.57 | 100% | 57% | 29% |
Other Academic | 2 | 20.00 | 100% | 50% | 50% |
Philosophy | 6 | 16.67 | 100% | 33% | 33% |
Pop Culture | 1 | 30.00 | 100% | 100% | 100% |
Religion | 4 | 12.50 | 100% | 25% | 0% |
Science - Biology | 4 | 20.00 | 100% | 100% | 0% |
Science - Chemistry | 6 | 21.67 | 100% | 100% | 17% |
Science - Other Science | 3 | 20.00 | 100% | 67% | 33% |
Science - Physics | 8 | 20.00 | 100% | 75% | 25% |
Social Science | 3 | 20.00 | 100% | 100% | 0% |